000 00860na a2200301 4500
001 12601
003 MIRAKIL
005 20181213154729.0
008 161026b tu 000 0
020 _a0316346624
035 _a12601
040 _aMilas
_btur
_cTR-AnCHP
041 _aeng
082 _a302
_bG42t 2000
090 _a302 G42t 2000
100 _aGladwell, Malcolm
_d1963-
245 _aThe tipping point
_bhow little things can make a big difference
_cMalcolm Gladwell
246 _aHow little things can make a big difference
260 _aNew York
_bBack Bay Books
_c2000
300 _a301 s.
_c21 sm.
500 _aKaynakça ve dizini var
650 _aNedensellik
650 _aSosyal bulaşma (Sosyal psikoloji)
650 _aBağlam (Psikoloji)
650 _aSosyal psikoloji
650 _aToplumsal etkileşim
942 _2ddc
_cBKS
999 _c5
_d5